000 01038nam a22001937a 4500
003 OSt
005 20251111152125.0
008 251111b |||||||| |||| 00| 0 eng d
040 _cDCL
082 _a၂၉၄.၃၈၂၃၅၁၃
130 _aတိပိဋက။
_pသုတ္တန္တပိဋက။
_pခုဒ္ဒကနိကာယ။
_tဣတိဝုတ္တက၊
_lပါဠိတော်၊
_sနိဿယ။
245 _aဣတိဝုတ္တက ပါဠိတော်နိဿယသစ် /
_bဘဒ္ဒန္တ သဇ္ဇနာဘိဝံသ။
250 _aဒုတိယအကြိမ်။
264 _aရန်ကုန် ၊
_bသာသနာရေးဦးစီး၊
_c၂၀၀၄။
300 _a၃၉၄ စာမျက်နှာ ၊
_c၂၅ စင်တီ။
650 _aဣတိဝုတ္တက
_vပါဠိတော် နိဿယ။
700 _aသဇ္ဇနာဘိဝံသ၊ ဘဒ္ဒန္တ
942 _2ddc
_cSHORT TERM
_n0
999 _c2449
_d2449